Парогенераторы АЭС: электронный курс
| Päätekijä: | |
|---|---|
| Yhteisötekijä: | |
| Yhteenveto: | Заглавие с экрана Изучения места и роли парогенераторных установок в составе многоконтурных АЭС. Анализ работы парогенераторов, особенностей их конструкций и компоновок. Получение знаний о сущности основных теплогидравлических процессов, характерных для парогенераторов АЭС. Приобретение навыков по проектированию парогенераторов АЭС. Доступ по логину и паролю |
| Kieli: | venäjä |
| Julkaistu: |
Томск, TPU Moodle, 2014
|
| Aiheet: | |
| Linkit: | https://design.lms.tpu.ru/course/view.php?id=402 |
| Aineistotyyppi: | Elektroninen Kirja |
| KOHA link: | https://koha.lib.tpu.ru/cgi-bin/koha/opac-detail.pl?biblionumber=651674 |
MARC
| LEADER | 00000nlm0a2200000 4500 | ||
|---|---|---|---|
| 001 | 651674 | ||
| 005 | 20240112152532.0 | ||
| 035 | |a (RuTPU)RU\TPU\network\16923 | ||
| 035 | |a RU\TPU\network\16922 | ||
| 090 | |a 651674 | ||
| 100 | |a 20161118d2014 m y0rusy50 ca | ||
| 101 | 0 | |a rus | |
| 102 | |a RU | ||
| 105 | |a a j 000zy | ||
| 135 | |a jrcn ---uucaa | ||
| 181 | 0 | |a i | |
| 182 | 0 | |a b | |
| 200 | 1 | |a Парогенераторы АЭС |e электронный курс |f А. В. Воробьёв |g Национальный исследовательский Томский политехнический университет (ТПУ), Энергетический институт (ЭНИН), Кафедра атомных и тепловых электростанций (АТЭС) | |
| 203 | |a Текст |c электронный | ||
| 210 | |a Томск |c TPU Moodle |d 2014 | ||
| 300 | |a Заглавие с экрана | ||
| 330 | |a Изучения места и роли парогенераторных установок в составе многоконтурных АЭС. Анализ работы парогенераторов, особенностей их конструкций и компоновок. Получение знаний о сущности основных теплогидравлических процессов, характерных для парогенераторов АЭС. Приобретение навыков по проектированию парогенераторов АЭС. | ||
| 333 | |a Доступ по логину и паролю | ||
| 606 | 1 | |a Атомные электрические станции |x Парогенераторное оборудование |2 stltpush |3 (RuTPU)RU\TPU\subj\74181 |9 86660 | |
| 610 | 1 | |a электронный ресурс | |
| 610 | 1 | |a труды учёных ТПУ | |
| 610 | 1 | |a электронное обучение | |
| 610 | 1 | |a электронные курсы ТПУ | |
| 610 | 1 | |a АЭС | |
| 610 | 1 | |a парогенераторы | |
| 610 | 1 | |a конструкции | |
| 610 | 1 | |a компоновки | |
| 610 | 1 | |a теплогидравлические процессы | |
| 610 | 1 | |a проектирование | |
| 610 | 1 | |a эксплуатация | |
| 610 | 1 | |a учебные пособия | |
| 610 | 1 | |a электронные учебные пособия | |
| 675 | |a 621.311.25:621.039.56(075.8) |v 3 | ||
| 700 | 1 | |a Воробьёв |b А. В. |c специалист в области энергетики |c доцент Томского политехнического университета, кандидат технических наук |f 1949- |g Александр Владимирович |3 (RuTPU)RU\TPU\pers\26029 |9 11876 | |
| 712 | 0 | 2 | |a Национальный исследовательский Томский политехнический университет (ТПУ) |b Энергетический институт (ЭНИН) |b Кафедра атомных и тепловых электростанций (АТЭС) |3 (RuTPU)RU\TPU\col\18683 |
| 801 | 2 | |a RU |b 63413507 |c 20211129 |g RCR | |
| 856 | 4 | |u https://design.lms.tpu.ru/course/view.php?id=402 | |
| 942 | |c CF | ||